| 000 | 00987cam a2200289 i 4500 | ||
|---|---|---|---|
| 001 | 016487405 | ||
| 003 | EG-ScBUE | ||
| 005 | 20220512124149.0 | ||
| 008 | 130625t2013 quca f 000 0 eng d | ||
| 020 | _a9782761352291 (paperback) | ||
| 040 |
_aUk _beng _erda _cUk _dUkCU _dEG-ScBUE |
||
| 082 | 0 | 4 |
_222 _a428.0071 _bBEA |
| 100 | 1 |
_aBeatty, Ken, _eauthor. _924598 |
|
| 245 | 1 | 0 |
_aLeap advanced : _blistening and speaking : learning English for academic purposes / _cKen Beatty. |
| 264 | 1 |
_aMontréal : _bPearson, _c[2013] |
|
| 264 | 4 | _cc2013 | |
| 300 |
_aviii, 168 pages : _bcolor illustrations ; _c28 cm |
||
| 336 |
_2rdacontent _atext _btxt |
||
| 337 |
_2rdamedia _aunmediated _bn |
||
| 338 |
_2rdacarrier _avolume _bnc |
||
| 650 | 7 |
_aEnglish language _xSpoken English _xStudy and teaching. _926146 _2BUEsh |
|
| 650 | 7 |
_aListening _xStudy and teaching. _97737 _2BUEsh |
|
| 651 | _2BUEsh | ||
| 653 |
_cApril2014 _bHHUUEENN |
||
| 655 |
_vReading book _934232 |
||
| 942 |
_2ddc _k428.0071 BEA _cBB |
||
| 999 |
_c18215 _d18187 |
||